Racconti gemelli : romanzo /

সংরক্ষণ করুন:
গ্রন্থ-পঞ্জীর বিবরন
প্রধান লেখক: Zacchi, Eugenio (লেখক)
বিন্যাস: গ্রন্থ
ভাষা:ইতালিয়
প্রকাশিত: Roma : Gaffi, 2006
মালা:Evasioni ; 27
ট্যাগগুলো: ট্যাগ যুক্ত করুন
কোনো ট্যাগ নেই, প্রথমজন হিসাবে ট্যাগ করুন!

MARC

LEADER 00000nam a22000007i 4500
001 IT\ICCU\BVE\0429080
003 ItRI
005 20260115231955.0
008 070316s2006 it |||||| ||||| |||||c
020 |a 8887803897 
040 |b ita  |c importazione bologna sebina 
041 7 |a ita  |2 ISO-639-2 
100 1 |a Zacchi, Eugenio  |0 IT\ICCU\RMLV\057855  |4 aut 
245 1 0 |a Racconti gemelli :  |b romanzo /  |c Eugenio Zacchi. 
260 |a Roma :  |b Gaffi,  |c 2006 
300 |a 115 p. ;  |c 16 cm. 
830 0 |a Evasioni ;  |v 27  |0 IT\ICCU\RML\0142437 
942 |2 ddc  |c BK  |n 0 
952 |0 0  |1 0  |4 0  |6 DOC_853_920000000000000_ZAC  |7 0  |9 18210  |a BO  |b BO  |d 2026-01-15  |i 14299  |l 0  |o DOC 853.92 ZAC  |p BO14299  |r 2026-01-15 23:19:55  |w 2026-01-15  |x [Sebina 5] [1 v.]  |y BK  |z 1 v. 
999 |c 15430  |d 15430